Stupid Science Jokes Quiz Stats

 Plays Quiz Updated Nov 26, 2018

Challenge
Share
Tweet
Embed
Score 0/20 Timer 05:00
10 Plays Today
% Correct
The white bear, because it's more polar
94.9%
'Yes, I'm positive!'
94%
Because he was outstanding in his field.
92.5%
But the best ones argon
91.5%
The reception was excellent
91.3%
They make up everything
90.3%
You may have graduated, but I've got many degrees!
88.7%
Barium
88.7%
He thought that black holes sucked
88%
Your pH level must be 14
87.8%
% Correct
So I could be tangent to your curves
87.2%
I have my eye on you
87%
He only swept out the same area
84.6%
This is Boron
81.9%
It was OK
80.7%
He is 0K now, though
80.5%
Multiplication is the same thing as division
80.4%
The doctors were amazed
77.4%
Is way cool
77.2%
Or does it?
75.5%

You're not logged in!

Compare scores with friends on all Sporcle quizzes.
OR
Log In

You Might Also Like...

Show Comments

Extras

Top Quizzes Today


Score Distribution

Your Account Isn't Verified!

In order to create a playlist on Sporcle, you need to verify the email address you used during registration. Go to your Sporcle Settings to finish the process.

Report this User

Report this user for behavior that violates our Community Guidelines.

Details: